Vybrané kapitoly z didaktiky poľnohospodárskych predmetov celoštátny študijný text pre učiteľov poľnohospodárskych predmetov

Enregistré dans:
Détails bibliographiques
Format: Livre
Langue:slovaque
Publié: Bratislava Slovenské pedagogické nakladateľstvo 1984
Tags: Ajouter un tag
Pas de tags, Soyez le premier à ajouter un tag!

MARC

LEADER 00000nam a2200000 4500
001 c112540
005 20250818114945.8
041 0 |a slo 
044 |a SK 
245 1 0 |a Vybrané kapitoly z didaktiky poľnohospodárskych predmetov  |b celoštátny študijný text pre učiteľov poľnohospodárskych predmetov 
264 1 |a Bratislava  |b Slovenské pedagogické nakladateľstvo  |c 1984 
300 |a 122 s.